000 00673nam a22002177a 4500
999 _c18234
_d18234
003 AR-CdUCM
008 190513b ||||| |||| 00| 0 spa d
040 _aMUNICIPALIDAD PROVINCIAL DEL CUSCO
_cBIBLIOTECA MUNICIPAL DEL CUSCO
082 _a869.56 /
_bL79
100 _aLoayza, Luis
_93541
245 _aEl avaro y otros textos /
260 _aLima :
_bInstituto Nacional de Cultura
_c1974.
300 _a86 paginas ;
_c18 cm.
505 _aContenido :Cuentos /
650 _aLiteratura peruana
_9169
650 _aCuentos
_9217
650 _aSiglo XX
_98
710 _aInstituto Nacional de Cultura (PerĂº)
_92016
942 _2ddc
_cLIBROS
945 _arjall
_d2019-05-13